[Event "IV Niterói Chess Open 2024"]
[Site "Rio de Janeiro"]
[Date "2024.09.01"]
[Round "7"]
[Board "23"]
[White "Nascimento, Nicolas Daniel Trindade"]
[Black "Motta, Vinicius Araujo Dias B."]
[Result "1-0"]
[WhiteElo "1928"]
[BlackElo "1736"]
[Annotator "Chessbase"]
[PlyCount "99"]
[EventDate "2024.08.28"]
[EventRounds "7"]
[EventCountry "BRA"]

1. Nf3 Nf6 2. b3 e6 3. Bb2 d5 4. g3 Be7 5. Bg2 O-O 6. O-O Nbd7 7. c4 dxc4 8. bxc4 c5 9. d3 Rb8 10. Nc3 a6 11. a4 b6 12. Qc2 $146 ({RR} 12. e4 Qc7 13. Qe2 Ng4 14. h3 Nge5 15. Nxe5 Nxe5 16. f4 Nc6 17. e5 f5 18. Qf2 Nb4 19. Rad1 Rd8 20. Qe3 Bb7 21. Ne2 Bxg2 22. Kxg2 Qc6+ 23. Kh2 Qxa4 24. g4 Qb3 25. Bc3 fxg4 26. f5 exf5 {1-0 Vrhovnik,D (2061)-Kovacevic,M (1980) CRO-chT2 West 2014 (2.45)}) 12... Bb7 13. Rfb1 Qc7 14. Bc1 Ba8 15. Bd2 Rfd8 16. Rb3 Bc6 17. Qa2 a5 18. Nb5 Bxb5 19. Rxb5 Ne8 20. Rab1 Nd6 21. R5b3 Bf6 22. h4 h6 23. e4 e5 24. Nh2 Nc8 25. Ng4 Na7 26. Ne3 Nc6 27. Nd5 Qa7 28. Bc3 Nb4 29. Qe2 Nxd5 30. exd5 Qc7 31. Be4 g6 32. h5 Kg7 33. Qg4 Nf8 34. Kg2 Rd6 35. hxg6 fxg6 36. Rh1 Qd7 37. Qe2 Qxa4 38. Rbb1 Qd7 39. Rh3 Nh7 40. Bd2 Ng5 41. Rh2 a4 42. Bxg6 Rh8 43. Be4 Bd8 44. Bc3 Bf6 45. Qb2 Nxe4 46. dxe4 Re8 47. Rbh1 Qg4 48. f3 Qg5 49. Bd2 Qg6 50. Rxh6 1-0

[Event "IV Niterói Chess Open 2024"]
[Site "Rio de Janeiro"]
[Date "2024.08.29"]
[Round "3"]
[Board "19"]
[White "Costa, Carlos Evanir"]
[Black "Brito, Vicente De Paulo Alencar"]
[Result "1-0"]
[WhiteElo "2190"]
[BlackElo "1865"]
[Annotator "Chessbase"]
[PlyCount "57"]
[EventDate "2024.08.28"]
[EventRounds "7"]
[EventCountry "BRA"]

1. Nf3 {Marin,Mihail} Nf6 2. c4 g6 3. b3 Bg7 4. Bb2 d6 5. g3 O-O 6. Bg2 e5 7. O-O c6 8. d3 h6 ({RR} 8... c5 9. Nc3 Nc6 10. e3 ({RR} 10. Qd2 Bf5 ({RR} 10... h6 11. Ne1 Be6 12. Nd5) 11. Ng5) ({RR} 10. a3) 10... Bf5 ({RR} 10... Bg4 11. h3 Bf5 12. g4 ({RR} 12. Ng5) 12... Be6 13. d4 cxd4 ({RR} 13... exd4 14. exd4 d5) 14. exd4 exd4 15. Nb5) 11. Ng5 Ne8 12. Nge4 Be6 ({RR} 12... Nc7 13. Qd2 Be6 14. f4) 13. Nd5 Ne7 14. Nec3 ({RR} 14. Nxe7+ Qxe7 15. Qd2 f5 ({RR} 15... d5 16. Nc3) 16. Nc3 Nf6 17. f4) ({RR} 14. Nd2 Qd7 15. Qc2 Nxd5 16. cxd5 Bh3 17. a4 Bxg2 18. Kxg2 f5 19. f3 b6 20. Nc4 Rb8 21. e4 f4 22. Bc3 ({RR} 22. g4 h6 23. Bc3 a5) 22... fxg3 23. hxg3 h5 24. Rh1) 14... Nxd5 15. cxd5 ({RR} 15. Nxd5 Nc7 16. Nxc7 Qxc7 17. d4 exd4 18. exd4 Rad8 19. Rc1 Qd7 20. Qd2 Bh3) 15... Bd7 16. a4 f5 17. f4 Nf6 ({RR} 17... exf4 18. gxf4 Nf6 19. Qd2 Qe7 ({RR} 19... Qb6 20. Rfb1) 20. Rae1 Rae8 21. e4 ({RR} 21. Kh1) 21... Ng4 22. Nd1 Bxb2 23. Nxb2 Qf6 24. Nc4 b5 25. axb5 Bxb5 26. h3 ({RR} 26. e5 dxe5 27. h3 exf4 28. hxg4 Rxe1 29. Qxe1 fxg4) 26... Qd4+ 27. Kh1 Nf6 ({RR} 27... Nh6 28. e5) 28. exf5 Nh5) 18. Qd2 Qe7 19. Rae1 e4 ({RR} 19... Rae8 20. fxe5 Qxe5 ({RR} 20... dxe5 21. Nb5) 21. d4 Qe7 22. dxc5 dxc5 23. d6 Qe6 24. e4) 20. dxe4 fxe4 ({RR} 20... Nxe4 21. Nxe4 fxe4 ({RR} 21... Bxb2 22. Nxd6) 22. Bxg7 Kxg7 23. Rc1 b6 24. Rc4 Bf5 25. b4) 21. Nd1 b5 ({RR} 21... Bf5 22. h3 h5 23. Nf2 Rae8 24. g4 hxg4 25. Bxf6 Bxf6 26. hxg4 Bd7 27. g5 Bg7 28. Bxe4) 22. Nf2 bxa4 23. bxa4 {½-½ Marin,M (2572)-Mamedov,R (2666) Olympiad-42 Baku 2016 (4.4)} {RR} Rab8 24. Rb1 ({RR} 24. Bxf6 Bxf6 25. Nxe4 Bg7 26. Ng5 Rb2)) ({RR} 8... Re8 9. Qc2 c5 10. Nc3 Nc6 11. a3 Bg4 12. e3 h6 13. Nd2 Qd7 14. Nd5 Nxd5 15. cxd5 Nb8 16. f3 Bh3 17. Bxh3 Qxh3 18. Ne4 Qd7 19. f4) 9. Qc2 Re8 ({RR} 9... Nbd7 10. Nc3 Re8 11. Nd2 Nf8 12. Nde4 N6h7 13. Ba3 Re6 14. c5 dxc5 15. Nxc5 {½-½ Soliwoda,Z (1827)-Bogenryter,H (1876) Wroclaw Open B 2024 (4.26)}) 10. Nbd2 $146 ({RR} 10. Nc3 d5 11. cxd5 cxd5 12. Rac1 Nc6 13. e3 Be6 14. Na4 Nd7 15. Rfd1 Rc8 16. Qb1 Qa5 17. Bc3 Qa6 18. d4 b5 19. Nc5 Nxc5 20. dxc5 b4 21. Bb2 Qb7 22. Qa1 Qc7 23. Ne1 Rcd8 24. Nc2 a5 {½-½ Stoeckl,S (2061)-Zuehlke,B (1957) Regionalliga NO 1415 2014 (8.5)}) 10... Nbd7 11. e3 d5 12. cxd5 cxd5 13. Rfc1 Re6 14. Qc7 Qe7 15. Ne1 Ne8 16. Qa5 e4 17. Bxg7 Kxg7 18. Qxd5 exd3 19. Qxd3 Rd6 20. Qc3+ Qe5 21. Nc4 Qxc3 22. Rxc3 Re6 23. Rac1 Ndf6 24. Nd3 Bd7 25. Bxb7 Rb8 26. Nc5 Re7 27. Nxd7 Rxd7 28. Bf3 Ne4 29. Bxe4 1-0

[Event "IV Niterói Chess Open 2024"]
[Site "Rio de Janeiro"]
[Date "2024.08.29"]
[Round "2"]
[Board "47"]
[White "Vargas, Victor Da Silva"]
[Black "Spina, Deris Eduardo"]
[Result "0-1"]
[WhiteElo "1684"]
[BlackElo "1823"]
[Annotator "Chessbase"]
[PlyCount "110"]
[EventDate "2024.08.28"]
[EventRounds "7"]
[EventCountry "BRA"]

1. c4 Nf6 2. g3 e6 3. Bg2 d5 4. b3 b6 ({RR} 4... a5 5. Nc3 d4 6. Na4 e5 7. Nf3 Nc6 8. O-O Be7 9. e3 O-O 10. exd4 exd4 11. d3 Bf5 12. a3 Re8 13. Re1 Bf8 14. Rxe8 Qxe8 15. Ra2 Qd7 16. Re2 Re8 17. Rxe8 Qxe8 18. Bb2 Qd7 19. Qe2 {½-½ Rotstein,A (2544)-Tregubov,P (2612) FRA-chT Gp-A 2003 (5.4)}) 5. Bb2 Bb7 6. e3 ({RR} 6. Nf3 Bd6 7. O-O O-O 8. d3 Nbd7 9. Nbd2 c5 10. Re1 d4 11. e4 dxe3 12. fxe3 e5 13. Ng5 Bxg2 14. Kxg2 h6 15. Nge4 Be7 16. Qf3 Qc7 17. Nxf6+ Nxf6 18. Ne4 Nxe4 19. Qxe4 Rad8 20. Bxe5 Qd7 {1-0 Iglesias Ferreira,A (2298)-Martic,I (2257) Titled Tue 6th Aug Early 2024 (9)}) 6... Nc6 $146 ({RR} 6... Nbd7 7. Ne2 Be7 8. O-O O-O 9. Na3 c5 10. d4 Ne4 11. Qd3 Ndf6 12. Nb5 a6 13. Nbc3 Nxc3 14. Nxc3 Qc7 15. Rac1 Rad8 16. Ne2 Bd6 17. dxc5 bxc5 18. Bxf6 gxf6 19. Rfd1 dxc4 20. Qxc4 Bxg2 21. Kxg2 {1-0 Iafrancesco,E-Vanegas Barbosa,J (1594) Bogota Mayores Distrital op 06 2011 (5)}) ({RR} 6... Be7 7. Ne2 O-O 8. O-O Nbd7 9. d3 c5 10. Nd2 Qc7 11. f4 Rad8 12. Qc2 Qb8 13. e4 d4 14. h3 Ne8 15. f5 exf5 16. Rxf5 Nd6 17. Rf2 Ne5 18. Raf1 Bc8 19. g4 Bg5 20. Nf4 Ng6 21. Nxg6 {0-1 Koelsch,M (2054)-Trella,T (2234) GER-ch internet U25 qual 04 blitz 2007 (6)}) 7. Ne2 Be7 8. Nbc3 O-O 9. O-O dxc4 10. bxc4 Na5 11. Bxb7 Nxb7 12. Nf4 c6 13. h4 Na5 14. d3 Qd7 15. Kg2 Rad8 16. Rc1 e5 17. Nh3 Qxd3 18. Qxd3 Rxd3 19. Nb1 e4 20. Nf4 Rd7 21. h5 h6 22. Kh3 Rfd8 23. g4 Nh7 24. Ng2 Ng5+ 25. Kg3 Nb7 26. Nh4 Nc5 27. Ba1 Nd3 28. Rc2 Ne5 29. Bxe5 Rd1 30. Rxd1 Rxd1 31. Nc3 Rg1+ 32. Kf4 Ne6+ 33. Kf5 Bxh4 34. Nxe4 Rf1 35. Ng3 Rd1 36. Ne4 Nf8 37. Bg3 Be7 38. g5 hxg5 39. Nxg5 Rh1 40. Kg4 Bxg5 41. Kxg5 Nh7+ 42. Kf4 Rxh5 43. Kg4 Nf6+ 44. Kf3 Rf5+ 45. Ke2 Ne4 46. Kd3 Nxg3 47. fxg3 Rf3 48. Rg2 g5 49. g4 Rf1 50. Kd4 f6 51. c5 Rd1+ 52. Ke4 b5 53. Rf2 Kf7 54. Rc2 a5 55. a3 Rd7 0-1

[Event "IV Niterói Chess Open 2024"]
[Site "Rio de Janeiro"]
[Date "2024.08.30"]
[Round "4"]
[Board "19"]
[White "Schiavo, Marcelo Da Silva"]
[Black "Baeta, Marcio Netto"]
[Result "1-0"]
[WhiteElo "2059"]
[BlackElo "1919"]
[Annotator "Chessbase"]
[PlyCount "103"]
[EventDate "2024.08.28"]
[EventRounds "7"]
[EventCountry "BRA"]

1. c4 Nf6 2. Nc3 g6 3. g3 Bg7 4. Bg2 O-O 5. Nf3 d5 6. cxd5 Nxd5 7. O-O c6 8. Qc2 Na6 ({RR} 8... Nb6 9. d4 N8d7 10. Bf4 h6 11. e4 g5 12. Be3 Nc4 13. Bc1 e5 14. d5 cxd5 15. Nxd5 Ncb6 16. Rd1 Nxd5 17. Rxd5 Qe8 18. Be3 Nb6 19. Rc5 Be6 20. Rc1 Rc8 21. Bf1 Qe7 22. a4 Qf6 23. Nd2 {1-0 Kuzubov,Y (2642)-Fernandez Guillen,E (2411) Titled Tuesday intern op 16th Mar blitz 2021 (7)}) ({RR} 8... a5 9. d3 Bg4 10. Bd2 Na6 11. a3 Nxc3 12. bxc3 Nc5 13. a4 Ra6 14. Rab1 Rb6 15. Rxb6 Qxb6 16. Rb1 Qc7 17. Be3 Bxf3 18. Bxf3 Ne6 19. Qb3 Rb8 20. Ba7 Ra8 21. Qxb7 Rxa7 22. Qxc7 Rxc7 23. d4 {0-1 Kurtz,E (2042)-Tikhonov,V (2160) Titled Tue 16th Apr Late 2024 (11)}) 9. a3 Bg4 10. h3 Bd7 $146 ({RR} 10... Bxf3 11. Bxf3 Qd7 12. Kh2 Nac7 13. d3 Ne6 14. e3 Be5 15. d4 Bc7 16. Bd2 h5 17. Ne4 h4 18. Rg1 Kg7 19. Nc5 Nxc5 20. Qxc5 Rh8 21. Kg2 hxg3 22. fxg3 Qxh3+ 23. Kf2 Bd6 24. Qc4 Nb6 25. Qd3 {0-1 Zinkl,W (2042)-Sippenauer,F (2085) Oberpfalz-ch M1 2003 (4)}) ({RR} 10... Bxf3 11. Bxf3 Nxc3 12. dxc3 Qd7 13. Bg2 Rad8 14. Be3 b6 15. Rfd1 Qc8 16. Qe4 Rxd1+ 17. Rxd1 Rd8 18. Rxd8+ Qxd8 19. Qxc6 Qc7 20. Qe8+ Bf8 21. Bf4 e5 22. Bxe5 Qe7 23. Qxe7 Bxe7 24. g4 f5 25. b4 {1-0 Schnitzspan,L (2330)-Lotz,R Darmstadt Weber Memorial op 1995}) 11. d3 Rc8 12. Bd2 Nc5 13. Rab1 e5 14. b4 Ne6 15. e3 f5 16. Qb3 Ndc7 17. Ne2 Be8 18. Rfd1 Bf7 19. Qc2 Nd5 20. d4 e4 21. Ne5 Ng5 22. h4 Ne6 23. Bc1 Be8 24. Qb3 g5 25. hxg5 Qxg5 26. Nf4 Nexf4 27. exf4 Qh5 28. f3 Kh8 29. Kf2 e3+ 30. Bxe3 Qh6 31. Rh1 Qe6 32. Qd3 h6 33. Rbe1 Kg8 34. Bc1 Qd6 35. Bb2 Rc7 36. Bh3 Qf6 37. Qb1 Bf7 38. Bxf5 Be8 39. Bh7+ Kh8 40. Be4 Bf7 41. Rh4 Re8 42. Reh1 Qe6 43. f5 Qd6 44. Qc1 h5 45. g4 b6 46. g5 Rxe5 47. dxe5 Bxe5 48. g6 Nf6 49. gxf7 Bg3+ 50. Ke2 Rxf7 51. Qh6+ Kg8 52. Rg1 1-0

[Event "IV Niterói Chess Open 2024"]
[Site "Rio de Janeiro"]
[Date "2024.08.29"]
[Round "2"]
[Board "14"]
[White "Aranha Filho, Alvaro Z."]
[Black "Chaves, Jorge Antonio Torres"]
[Result "1-0"]
[WhiteElo "2196"]
[BlackElo "1924"]
[Annotator "Chessbase"]
[PlyCount "75"]
[EventDate "2024.08.28"]
[EventRounds "7"]
[EventCountry "BRA"]

1. Nf3 Nf6 2. c4 g6 3. Nc3 d5 4. cxd5 Nxd5 5. Qa4+ c6 6. Nxd5 Qxd5 7. e4 Qd8 8. d4 Bg7 9. Be2 O-O 10. O-O Bg4 11. Be3 Nd7 12. Rfd1 Nb6 13. Qb3 ({RR} 13. Qc2 f5 14. Qb3+ Kh8 15. exf5 Rxf5 16. h3 Bxf3 17. Bxf3 Rxf3 18. gxf3 Qd7 19. Kg2 Rf8 20. Qc2 Nd5 21. Qe4 Rf5 22. Qh4 Bf6 23. Qe4 Rh5 24. Rh1 Rh4 25. Qc2 Bxd4 26. Rae1 Bf6 27. Bc1 Kg7 {1-0 Karpov,A (2668)-Vachier Lagrave,M (2579) Cap d'Agde-B rapid 2006 (6)}) 13... Qc7 $146 ({RR} 13... Qd6 14. a4 Be6 15. Qc2 f5 16. Ng5 fxe4 17. Nxe4 Bf5 18. Bd3 Bxe4 19. Bxe4 Nd5 20. Qb3 Rab8 21. Bg5 e6 22. Bh4 Nf4 23. Qc4 Kh8 24. Bg3 Rbd8 25. Rd2 Bxd4 26. Rad1 e5 27. b4 Qf6 28. Bf3 {0-1 Hauchard,A (2425)-Lutz,C (2445) Bad Wildbad 1990 (5)}) ({RR} 13... e6 14. a4 Qe7 15. a5 Nc8 16. Bg5 Qc7 17. a6 bxa6 18. Rxa6 Rb8 19. Qc2 Qb7 20. Ra2 Qb3 21. Qb1 Bxf3 22. Bxf3 Qb5 23. Bf4 e5 24. dxe5 Bxe5 25. Be2 Qxe2 26. Bxe5 Rb5 27. Bf6 a5 28. b3 {1-0 Kraus,T (2468)-Delgerdalai,B (1876) Stare Mesto op 2021 (1)}) 14. Rac1 Rad8 15. h3 Bd7 16. a4 h6 17. Qa3 f5 18. a5 Nc8 19. Bc4+ Kh7 20. e5 f4 21. Bd2 Bf5 22. Re1 g5 23. Bb4 Bg6 24. d5 Qb8 25. Bxe7 Nxe7 26. Qxe7 cxd5 27. Bb5 Rf7 28. Qa3 Bf8 29. b4 d4 30. Bd3 Rg7 31. e6 Be7 32. Ne5 Bxd3 33. Qxd3+ Kg8 34. Nf7 h5 35. Nxd8 Qxd8 36. Rc4 Qf8 37. Qxd4 g4 38. Rec1 1-0

[Event "IV Niterói Chess Open 2024"]
[Site "Rio de Janeiro"]
[Date "2024.08.29"]
[Round "3"]
[Board "58"]
[White "De Abreu, Luiza Reis Rodrigues"]
[Black "Motta, Vinicius Araujo Dias B."]
[Result "0-1"]
[WhiteElo "1591"]
[BlackElo "1736"]
[Annotator "Chessbase"]
[PlyCount "76"]
[EventDate "2024.08.28"]
[EventRounds "7"]
[EventCountry "BRA"]

1. c4 Nf6 2. Nc3 e6 3. g3 Bb4 4. Bg2 Bxc3 5. bxc3 O-O 6. Nf3 d5 7. cxd5 exd5 8. O-O Be6 $146 ({RR} 8... Re8 9. Rb1 c6 10. h3 Nbd7 11. d3 h6 12. Qc2 Ne5 13. Nxe5 Rxe5 14. Re1 Qc7 15. Bf4 Qe7 16. Bxe5 Qxe5 17. c4 Qh5 18. cxd5 Bxh3 19. dxc6 Bxg2 20. Kxg2 Ng4 21. Rh1 Qd5+ 22. e4 Qd4 23. cxb7 {1-0 Montero,A-Nicosia,M (1363) General Pico op 08 2021 (3)}) 9. Nd4 c6 10. Nxe6 fxe6 11. d4 Nbd7 12. Ba3 Re8 13. Rb1 b5 14. Bd6 e5 15. a4 a6 16. axb5 axb5 17. Bb4 e4 18. h3 Nb6 19. Qc2 Nc4 20. Ra1 e3 21. Rxa8 Qxa8 22. Bf3 exf2+ 23. Rxf2 Ne3 24. Qc1 Qa4 25. Bd6 Qb3 26. Be5 Qd1+ 27. Rf1 Qxf1+ 28. Qxf1 Nxf1 29. Kxf1 Ne4 30. Bxe4 dxe4 31. Ke1 Ra8 32. Kd2 Ra2+ 33. Kd1 Kf7 34. Bf4 Ke6 35. Ke1 Kd5 36. Kd1 Kc4 37. Bd2 Kb3 38. Ke1 Kc2 0-1

[Event "IV Niterói Chess Open 2024"]
[Site "Rio de Janeiro"]
[Date "2024.08.31"]
[Round "6"]
[White "De Oliveira, Yuri Garcia"]
[Black "Borensztajn, David"]
[Result "1-0"]
[WhiteElo "1964"]
[BlackElo "1729"]
[Annotator "Chessbase"]
[PlyCount "49"]
[EventDate "2024.08.28"]
[EventRounds "7"]
[EventCountry "BRA"]

1. c4 f5 2. Nf3 g6 3. g3 Bg7 4. Bg2 d6 5. Nc3 Nf6 6. O-O O-O 7. d3 e5 8. Rb1 c6 9. e4 ({RR} 9. c5 Re8 10. cxd6 Qxd6 11. b4 Nd5 12. Bd2 e4 13. Nxd5 exf3 14. Bxf3 cxd5 15. b5 Be6 16. Qa4 Nd7 17. Rfc1 Bf7 18. Bb4 Qe6 19. Rc7 Ne5 20. Bg2 Ng4 21. Bf3 Qb6 {0-1 Heberla,B (2561)-Bortnyk,O (2533) EU-ch blitz Wroclaw 2014 (4)}) ({RR} 9. Qc2 a6 10. b4 h6 11. a4 Be6 12. c5 Nd5 13. Bd2 Re8 14. e4 Nf6 15. cxd6 Qxd6 16. d4 Nxe4 17. dxe5 Bxe5 18. Nxe4 fxe4 19. Qxe4 Bd5 20. Qh4 Bxf3 21. Bxf3 Qxd2 22. Rbd1 Qg5 23. Qc4+ Kg7 {1-0 Balaji,A (2346)-Khakhinov,I (2236) Titled Tue 6th Feb Early 2024 (5)}) 9... f4 10. c5 $146 ({RR} 10. d4 fxg3 11. hxg3 Qe7 12. d5 Bg4 13. Qd3 Nbd7 14. Nh2 Nc5 15. Qc2 a5 16. a3 a4 17. Bg5 Bd7 18. Be3 cxd5 19. cxd5 Nb3 20. Rbd1 Rac8 21. Qe2 Rf7 22. Bf3 h5 23. Bg2 h4 24. Bf3 hxg3 {½-½ Swijsen,L (2168)-Beukema,S (2268) BEL-ch U20 Blankenberge 2013 (6)}) ({RR} 10. Qb3 Kh8 11. c5 Nh5 12. cxd6 Qxd6 13. Ne2 fxg3 14. fxg3 b6 15. Ng5 Rxf1+ 16. Bxf1 Qf8 17. Nf7+ Kg8 18. Nxe5+ Kh8 19. Nf7+ Kg8 20. Nd6+ Kh8 21. Nxc8 Qxc8 22. Nf4 Nxf4 23. Bxf4 Nd7 24. Bg2 Nc5 {0-1 Lauterbach,I (2032)-Rahulan,T (1760) ENG-ch (Women) 2017 (4)}) 10... fxg3 11. fxg3 dxc5 12. Be3 Qe7 13. h3 b6 14. a3 h6 15. b4 cxb4 16. axb4 Na6 17. d4 exd4 18. Nxd4 c5 19. Nc6 Qc7 20. e5 Bb7 21. exf6 Bxf6 22. Nd5 Qxg3 23. Rxf6 Rxf6 24. Nxf6+ Kg7 25. Qd7+ 1-0

[Event "IV Niterói Chess Open 2024"]
[Site "Rio de Janeiro"]
[Date "2024.08.29"]
[Round "2"]
[Board "32"]
[White "De Souza, Roberto Fabelino"]
[Black "Rodrigues, Nei Jorge"]
[Result "1/2-1/2"]
[WhiteElo "1831"]
[BlackElo "1933"]
[Annotator "Chessbase"]
[PlyCount "76"]
[EventDate "2024.08.28"]
[EventRounds "7"]
[EventCountry "BRA"]

1. c4 Nf6 2. Nc3 e5 3. g3 Bb4 4. Qc2 O-O 5. Bg2 Nc6 6. e3 Re8 ({RR} 6... Bxc3 7. bxc3 d6 8. Ne2 Na5 9. Qa4 c5 10. d3 e4 11. dxe4 Re8 12. f3 Be6 13. Kf2 Bxc4 14. Rd1 b5 15. Qc2 Qc7 16. Nf4 Re5 17. h4 Rd8 18. Rb1 a6 19. a4 h6 20. axb5 axb5 21. Bf1 {0-1 Ljubojevic,L (2571)-Karpov,A (2623) Platja d'Aro Legends blitz 2018 (6)}) ({RR} 6... d6 7. Nge2 a5 8. a3 Bc5 9. O-O Bb6 10. Rb1 Be6 11. d3 d5 12. cxd5 Nxd5 13. b3 Qd7 14. Bb2 Rad8 15. Rfd1 Rfe8 16. Rbc1 f6 17. Na4 Qf7 18. Nc5 Bxc5 19. Qxc5 Nb6 20. Bxc6 bxc6 21. Qxc6 {0-1 Grutter,T (2315)-Oro,F (2353) Titled Tue 7th May Early 2024 (2)}) 7. Nge2 a6 8. O-O Bf8 $146 ({RR} 8... Bc5 9. Rd1 Ba7 10. d4 d6 11. b3 Bd7 12. Bb2 Qc8 13. Rac1 Bf5 14. Qd2 Nb4 15. Ne4 Bxe4 16. Qxb4 Bxg2 17. Kxg2 h5 18. dxe5 dxe5 19. h4 Qg4 20. f3 Qc8 21. e4 Be3 22. Rc2 a5 23. Qe1 {1-0 Redzisz,M (2219)-Maiorov,N (2446) Titled Tuesday intern op 28th Sept blitz 2021 (7)}) 9. a3 d6 10. b4 Be6 11. d3 g6 12. Bd2 Qd7 13. Rfb1 Nd8 14. b5 a5 15. Na4 Bh3 16. Nc1 Bxg2 17. Kxg2 b6 18. e4 Ne6 19. Ne2 h5 20. h3 Kh7 21. Nac3 Ng8 22. Nd5 f5 23. exf5 gxf5 24. f4 Nd4 25. Nxd4 exd4 26. Re1 Bg7 27. Qd1 Kg6 28. Qf3 Nf6 29. Nxf6 Bxf6 30. Rxe8 Rxe8 31. Re1 Rxe1 32. Bxe1 d5 33. Qxd5 Qxd5+ 34. cxd5 Be7 35. a4 Kf7 36. Kf3 Bf6 37. g4 hxg4+ 38. hxg4 Kg6 1/2-1/2

[Event "IV Niterói Chess Open 2024"]
[Site "Rio de Janeiro"]
[Date "2024.08.28"]
[Round "1"]
[Board "28"]
[White "Borensztajn, David"]
[Black "Dos Santos Junior, Haroldo Cunha"]
[Result "0-1"]
[WhiteElo "1729"]
[BlackElo "2040"]
[Annotator "Chessbase"]
[PlyCount "34"]
[EventDate "2024.08.28"]
[EventRounds "7"]
[EventCountry "BRA"]

1. c4 e5 2. Nc3 Nf6 3. g3 Bb4 4. Bg2 O-O 5. d3 d5 ({RR} 5... Bxc3+ 6. bxc3 c6 7. e4 d5 8. cxd5 cxd5 9. exd5 Nxd5 10. Ne2 Nc6 11. O-O Re8 12. Bb2 Bf5 13. Qd2 e4 14. c4 e3 15. Qe1 Nb6 16. Qc3 Ne5 17. f4 Na4 18. Qa3 Nxd3 19. Bd4 Nb6 20. c5 {1-0 Rogers,I (2569)-Acs,P (2623) Corus-B Wijk aan Zee 2003 (3)}) 6. cxd5 Nxd5 7. Qc2 $146 ({RR} 7. Bd2 Nf6 8. Nf3 Nc6 9. O-O Nd7 10. a3 Be7 11. Rc1 Nb6 12. Re1 Be6 13. Rb1 f6 14. Qc1 Bf7 15. Be3 Nd5 16. Bd2 a6 17. Nxd5 Bxd5 18. Bc3 e4 19. dxe4 Bxe4 20. Ra1 Bc5 21. Rd1 Qe7 {0-1 Burisch,C-Hess,D GER-chT U13 Germany 1993}) ({RR} 7. Bd2 Be6 8. a3 Bxc3 9. bxc3 Nd7 10. c4 N5b6 11. Bxb7 Rb8 12. Bg2 Nc5 13. Bb4 Nba4 14. Nf3 f6 15. O-O c6 16. Rb1 a5 17. Bxc5 Nxc5 18. Rxb8 Qxb8 19. Qb1 Qc7 20. Qc2 Rb8 21. Rb1 Rb7 {0-1 Thake,C (1848)-Ramsdal,J (2369) Titled Tue 14th May Late 2024 (4)}) ({RR} 7. Bd2 Be6 8. Nf3 Nc6 9. O-O Bc5 10. a3 a5 11. Rc1 Nxc3 12. Bxc3 Bd6 13. Qa4 Qd7 14. Qc2 Bh3 15. Rfd1 Bxg2 16. Kxg2 Qf5 17. Qb3 Rfb8 18. Qb5 Ra6 19. e4 Qe6 20. Re1 Rb6 21. Qd5 Rb5 {1-0 Jereb,M (1665)-Gabriel,A Stuttgart-chB 2003}) ({RR} 7. Bd2 Bxc3 8. bxc3 {½-½ Tilak,S (2385)-Shetty,R (2390) IND-ch Kasaragod 1996 (11)}) 7... Nc6 8. Nf3 Bg4 9. O-O Bxf3 10. Bxf3 Nd4 11. Qd2 Nxf3+ 12. exf3 Qd7 13. a3 Ba5 14. b4 Bb6 15. Kg2 Rad8 16. Rd1 Nxc3 17. Qxc3 Bd4 0-1

[Event "IV Niterói Chess Open 2024"]
[Site "Rio de Janeiro"]
[Date "2024.08.28"]
[Round "1"]
[Board "6"]
[White "Santana, Leandro Aurelio Da S"]
[Black "Matsuura, Everaldo"]
[Result "0-1"]
[WhiteElo "1845"]
[BlackElo "2365"]
[Annotator "Chessbase"]
[PlyCount "40"]
[EventDate "2024.08.28"]
[EventRounds "7"]
[EventCountry "BRA"]

1. e4 c5 2. Nf3 b6 3. c4 Bb7 4. Nc3 Nf6 5. d3 d6 6. g3 g6 7. Bg2 Bg7 8. O-O O-O 9. Bf4 ({RR} 9. h3 Nbd7 10. Be3 Rc8 11. Nh4 Bc6 12. f4 a6 13. a4 Ne8 14. g4 Nc7 15. f5 b5 16. axb5 axb5 17. g5 b4 18. Nd5 Bxd5 19. exd5 Bxb2 20. Rb1 Bc3 21. Be4 Kg7 22. Ng2 Ra8 23. h4 Ra2 {1-0 Wei,Y (2736)-Praggnanandhaa,R (2536) chess.com Speed U20 blitz 2019 (1.3)}) 9... h6 $146 ({RR} 9... Nc6 10. Qd2 e6 11. Bh6 a6 12. Bxg7 Kxg7 13. Rad1 b5 14. cxb5 axb5 15. Nxb5 Rxa2 16. Nc3 Ra8 17. d4 e5 18. dxc5 dxc5 19. Qe3 Nd4 20. Nxe5 Qe7 21. f4 Ba6 22. Rf2 Rab8 23. h3 Rb3 24. Ng4 {1-0 Ivan,Z (2231)-Papagorasz,T (2296) HUN-chT2 Asztalos 0506 2005 (5)}) ({RR} 9... Nc6 10. Qd2 e5 11. Bg5 Nd4 12. Nxd4 cxd4 13. Ne2 Qc7 14. f4 Ng4 15. f5 f6 16. h3 fxg5 17. hxg4 Qe7 18. b4 gxf5 19. gxf5 g4 20. Kf2 Bf6 21. Qh6 Bg5 22. Qh5 Be3+ 23. Ke1 Qg7 24. Rh1 {0-1 Raahul,V (2371)-Iannacone,E (2375) Titled Tuesday intern op 14th Jun Early blitz 2022 (7)}) ({RR} 9... Nc6 10. Qd2 Nd7 11. Bh6 Nde5 12. Bxg7 Nxf3+ 13. Bxf3 Kxg7 14. Bg2 Nd4 15. Rae1 a6 16. Ne2 Nxe2+ 17. Rxe2 b5 18. Re3 e5 19. f4 b4 20. f5 f6 21. h4 g5 22. hxg5 fxg5 23. Bf3 Bc6 24. Bh5 {½-½ Sellos,D (2420)-Hauchard,A (2490) FRA-chT France 1994 (3)}) ({RR} 9... Nbd7 10. Qd2 Nh5 11. Bh6 Ndf6 12. h3 Qd7 13. Bg5 Kh8 14. g4 Nxg4 15. hxg4 Qxg4 16. Nh2 Qe6 17. Bh6 Qd7 18. Bxg7+ Kxg7 19. f4 f5 20. Rae1 fxe4 21. Bxe4 Bxe4 22. dxe4 Rf7 23. e5 Qh3 24. Rf3 {1-0 Borigas,E (1873)-Lau,J (1570) HKG-ch prel Hong Kong 2015 (2)}) 10. Re1 Nc6 11. e5 Nh5 12. exd6 Nxf4 13. dxe7 Nxe7 14. gxf4 Nf5 15. Qd2 Qc7 16. Re2 Rad8 17. Rae1 Qd7 18. Ne5 Bxe5 19. Bxb7 Bxc3 20. Qxc3 Qxb7 0-1

[Event "IV Niterói Chess Open 2024"]
[Site "Rio de Janeiro"]
[Date "2024.08.29"]
[Round "2"]
[Board "15"]
[White "Nascimento, Nicolas Daniel Trindade"]
[Black "Costa, Carlos Evanir"]
[Result "1-0"]
[WhiteElo "1928"]
[BlackElo "2190"]
[Annotator "Chessbase"]
[PlyCount "67"]
[EventDate "2024.08.28"]
[EventRounds "7"]
[EventCountry "BRA"]

1. Nf3 Nf6 2. b3 g6 3. Bb2 Bg7 4. g3 b6 5. Bg2 Bb7 6. c4 c5 7. O-O O-O 8. e3 Nc6 9. d4 cxd4 10. Nxd4 Qc8 11. Nc3 Nxd4 12. exd4 $146 ({RR} 12. Qxd4 Bxg2 13. Kxg2 Qb7+ 14. f3 d6 15. e4 a6 16. Nd5 b5 17. Rac1 Rfc8 18. Qb6 Qd7 19. Nxf6+ Bxf6 20. Bxf6 exf6 21. Rfd1 Rc6 22. Qd4 Qe6 23. cxb5 Rxc1 24. Rxc1 axb5 25. Rc2 f5 26. exf5 Qxf5 {½-½ Shaposhnikov,E (2557)-Romanov,E (2644) PRO League Eastern rapid 2017 (4)}) 12... Bxg2 13. Kxg2 d5 14. Qe2 Qd7 15. Nd1 Rfd8 16. Ne3 e6 17. Rac1 dxc4 18. bxc4 Ne8 19. d5 Nc7 20. Bxg7 Kxg7 21. Qb2+ f6 22. Rcd1 exd5 23. cxd5 Rac8 24. Rd4 Ne6 25. Re4 Nc5 26. Rf4 Qd6 27. Rd1 Qe5 28. Qa3 Rc7 29. Ng4 Qe2 30. Qc3 Rf7 31. Rxf6 Ne4 32. Rxf7+ Kxf7 33. Qc7+ Ke8 34. Qe5+ 1-0